000 00770nas a2200253 4500
001 BR7306792
003 BR-BrBNA
005 20231205100310.0
007 ta
008 230509b bl.|||p| |||| 00| 00por d
040 _aBR-BrBNA
_bpor
_cBiblioteca Nacional de Agricultura
041 _a(Pt)
072 _aH10
100 1 _aFagundes, A.C.
100 1 _aArnt, T.
111 1 _a4. Congresso Brasileiro de Entomologia
_cGoiania, GO (Brazil)
_d6 Feb 1977
245 1 _aFosforados nao sistemicos no controle do pulgao amarelo
650 _aTrigo
650 _aPulgao
650 _aInseticida Fosforado
773 0 _tTrigo e Soja (Brazil)
_xISSN 0100-5456
_g(Nov 1977), (no. 27) p. 3-7
_wBR7306792
909 _a202311
_bLúcia
_c55
_dLúcia Elande
942 _2AGRIS
_n0
_cANA
999 _c155224
_d155224